Continental Philosophy Reader (Record no. 9540)

MARC details
000 -LEADER
fixed length control field 00554nam a2200229 a 4500
020 ## - INTERNATIONAL STANDARD BOOK NUMBER
ISBN
082 00 - DEWEY DECIMAL CLASSIFICATION NUMBER
Classification number 181.4
Author Cutter KEA
100 ## - MAIN ENTRY--AUTHOR NAME
Author name Kearney, Richard
245 ## - TITLE STATEMENT
Title Continental Philosophy Reader
260 ## - PUBLICATION, DISTRIBUTION, ETC. (IMPRINT)
Place of publication London
Name of publisher Routledge Chapman Hall
Year of publication 1996
300 ## - PHYSICAL DESCRIPTION
Number of Pages 481p
500 ## - GENERAL NOTE
General note includes index and biblioraphy
505 2# - FORMATTED CONTENTS NOTE
Formatted contents note Index
650 ## - SUBJECT ADDED ENTRY--TOPICAL TERM
Topical Term Philosophy-European
942 ## - ADDED ENTRY ELEMENTS (KOHA)
Koha item type Books
Holdings
Collection code Home library Current library Date acquired Cost, normal purchase price Full call number Accession Number Koha item type
  Henry Martyn Institute Library Henry Martyn Institute Library 08/01/2007 600.00 181.4 KEA 017912 Books
                   Copyright © 2026 | Henry Martyn Institute | Hyderabad | TS-500052 | INDIA | Implemented by hmi.edu.in
Hit-Count:

Powered by Koha